| 000 | 00479nam a22001817a 4500 | ||
|---|---|---|---|
| 003 | CEME | ||
| 005 | 20210628202025.0 | ||
| 008 | 210223b xxu||||| |||| 00| 0 eng d | ||
| 020 | _a0-471-25376-6 | ||
| 040 | _c. | ||
| 082 | _a671.52 MES | ||
| 100 |
_aMessler, Robert W _925650 |
||
| 245 | _aPrinciples of welding ,processes, physics, chemistry and metallurgy | ||
| 260 |
_aNEW YORK _bJOHN WILEY _c1999 |
||
| 300 | _aXXIII,662P | ||
| 650 |
_aWELDING _9189 |
||
| 942 |
_cBK _2ddc |
||
| 999 |
_c568171 _d568171 |
||